000 00695nam a2200253Ia 4500
003 BUBTL
008 151213s9999 xx 000 0 und d
020 _a81-7534-031-2
041 _aEnglish
082 _a347.09/ S542a/ 1997
100 _aRao, P. C.
_95730
245 _aAlternative Dispute Resolution/
_cP. C. Rao, William Sheffield
250 _a1st
260 _aIndia
_bUniversal Law Publishing
_cc1997
300 _a[xvi] , 448p . :
_b22 cm.
500 _aIncludes Index
526 _aLaw
650 _aLaw
_94036
650 _a
_94036
700 _aP. C. Rao, William Sheffield
_95731
856 _k0
_l0
_yDownload
942 _2ddc
_cBK
999 _c3619
_d3619